Central Library and Information Centre
Sibsagar Girls' College, Sivasagar : Assam

DEMOGRAPHY AND POPULATION PROBLEMS (Record no. 15775)

MARC details
000 -LEADER
fixed length control field 00441cam a2200169ua 4500
008 - FIXED-LENGTH DATA ELEMENTS--GENERAL INFORMATION
fixed length control field 131026n2007 II |||gr||||Z||||||eng
040 ## - CATALOGING SOURCE
Original cataloging agency MAIN
041 ## - LANGUAGE CODE
-- English
082 ## - DEWEY DECIMAL CLASSIFICATION NUMBER
Classification number 910.1312 SHA
100 ## - MAIN ENTRY--PERSONAL NAME
Personal name SHARMAH , RAJENDRA KU.
245 ## - TITLE STATEMENT
Title DEMOGRAPHY AND POPULATION PROBLEMS
260 ## - PUBLICATION, DISTRIBUTION, ETC.
Place of publication, distribution, etc. NEW DELHI
Name of publisher, distributor, etc. ATLANTIC PUBLISHERS AND DISTRIBUTOR
Date of publication, distribution, etc. 2007
300 ## - PHYSICAL DESCRIPTION
Extent 296:
Dimensions 22CM.
942 ## - ADDED ENTRY ELEMENTS (KOHA)
Koha item type Books
653 ## - INDEX TERM--UNCONTROLLED
Uncontrolled term Population Geography
Holdings
Withdrawn status Lost status Damaged status Not for loan Collection code Home library Current library Shelving location Date acquired Full call number Barcode Date last seen Copy number Price effective from Koha item type
        TBGEO Central Library and Information Centre Sibsagar Girls College Central Library and Information Centre Sibsagar Girls College Geography Rack 23.02.2010 910.1312 SHA 24579 27.02.2020 1 27.02.2020 Books


Sibsagar Girl's College © 2020. All rights reserved.
Powered by Koha.
Maintained by Abhijit Borpuzari.